[Event "BCF-chT4 2223 (4NCL)"]
[Site "England"]
[Date "2023.01.07"]
[Round "3.12"]
[White "Smith, Alan A"]
[Black "Terry, Sean"]
[Result "1-0"]
[WhiteElo "2170"]
[BlackElo "1896"]
[PlyCount "75"]
[EventDate "2022.11.05"]
[EventType "team-swiss"]
[EventRounds "11"]
[EventCountry "ENG"]
[SourceTitle "EXT 2024"]
[Source "ChessBase"]
[SourceDate "2023.10.10"]
[SourceVersion "1"]
[SourceVersionDate "2023.10.10"]
[SourceQuality "1"]
[WhiteTeam "Average Wood Pushers"]
[BlackTeam "Oxford III"]
[WhiteTeamCountry "ENG"]
[BlackTeamCountry "ENG"]

1. e4 e6 2. Qe2 c5 3. f4 Nf6 4. Nf3 Nc6 5. c3 Qa5 6. d3 Be7 7. g3 b5 8. Bg2 Bb7 9. 0-0 0-0 10. Nbd2 d6 11. e5 Ne8 12. exd6 Nxd6 13. Ne4 Nxe4 14. dxe4 Rad8 15. Be3 b4 16. Rfc1 Ba6 17. Qf2 bxc3 18. bxc3 Bd3 19. Ne1 c4 20. e5 Nb8 21. Bxa7 Nd7 22. Bd4 Ba3 23. Rd1 Nc5 24. Nxd3 Nxd3 25. Qe3 Bb2 26. Rab1 Qxa2 27. Be4 Rb8 28. f5 exf5 29. Bxf5 Qa5 30. Bxd3 cxd3 31. Rxd3 Ba3 32. Rf1 Qc7 33. Rd2 Rb2 34. Rxb2 Bxb2 35. e6 f6 36. e7 Re8 37. Qe6+ Kh8 38. Rxf6 1-0

[Event "BCF-chT4 0506 (4NCL)"]
[Site "West Bromwich"]
[Date "2005.12.03"]
[Round "3.3"]
[White "Gallagher, Ian G"]
[Black "Smith, Alan A"]
[Result "0-1"]
[WhiteElo "2010"]
[BlackElo "2260"]
[PlyCount "64"]
[EventDate "2005.11.05"]
[EventType "team-tourn"]
[EventRounds "11"]
[EventCountry "ENG"]
[SourceTitle "CBM 109 Extra"]
[Source "ChessBase"]
[SourceDate "2006.01.03"]
[SourceVersion "2"]
[SourceVersionDate "2006.01.03"]
[SourceQuality "1"]
[WhiteTeam "Cambridge II"]
[BlackTeam "Cheddleton"]
[WhiteTeamCountry "ENG"]
[BlackTeamCountry "ENG"]

1. d4 b6 2. e4 Bb7 3. Nc3 e6 4. Bd3 g6 5. f4 Bg7 6. Nf3 d6 7. 0-0 Nd7 8. Qe2 Ne7 9. Be3 0-0 10. Rad1 a6 11. Qf2 Rc8 12. f5 exf5 13. exf5 c5 14. Ng5 Nf6 15. fxg6 Nxg6 16. Qg3 cxd4 17. Qh3 Rc5 18. Rxf6 Rxg5 19. Bxg5 Bxf6 20. Bxf6 Qxf6 21. Ne2 Re8 22. Rf1 Qe5 23. Rxf7 Kxf7 24. Qxh7+ Ke6 25. Qxb7 Qe3+ 26. Kh1 Ne5 27. Qe4 Qxe4 28. Bxe4 Kf6 29. g3 Nc4 30. Bf3 Ke5 31. b3 Ne3 32. Bh5 Rc8 0-1

[Event "Cotswold op"]
[Site "Cheltenham"]
[Date "2003.05.26"]
[Round "6"]
[White "Crouch, Colin S"]
[Black "Smith, Alan A"]
[Result "1-0"]
[WhiteElo "2388"]
[BlackElo "2251"]
[PlyCount "81"]
[EventDate "2003.05.??"]
[EventType "swiss"]
[EventRounds "6"]
[EventCountry "ENG"]
[SourceTitle "EXT 2005"]
[Source "ChessBase"]
[SourceDate "2004.11.15"]
[SourceVersion "1"]
[SourceVersionDate "2004.11.15"]
[SourceQuality "1"]

1. d4 d6 2. e4 Nf6 3. Nc3 c6 4. a4 e5 5. dxe5 dxe5 6. Qxd8+ Kxd8 7. Nf3 Bd6 8. Bc4 Ke7 9. 0-0 h6 10. b3 Bg4 11. Nh4 Bb4 12. Bb2 Nbd7 13. Nf5+ Bxf5 14. exf5 Rhe8 15. f3 Kf8 16. Rad1 Re7 17. Nb1 Bc5+ 18. Kh1 e4 19. fxe4 Nxe4 20. Bd4 Rae8 21. Kg1 Ndf6 22. Rfe1 Bxd4+ 23. Rxd4 Re5 24. Rf1 a6 25. Nd2 Nc3 26. Bd3 Nfd5 27. Nc4 R5e7 28. Nd6 Rd8 29. Ne4 Rde8 30. Nxc3 Nxc3 31. f6 gxf6 32. Rh4 Kg7 33. Rg4+ Kf8 34. Rxf6 Re1+ 35. Kf2 R8e3 36. Rf3 Re5 37. Rgf4 Nd1+ 38. Kg3 Rg5+ 39. Kh3 Rg7 40. Rf1 Re5 41. Rxd1 1-0

[Event "BCF-chT qual (4NCL)"]
[Site "England"]
[Date "2002.06.03"]
[Round "4"]
[White "Smith, Alan A"]
[Black "Payne, Oliver"]
[Result "1-0"]
[WhiteElo "2257"]
[BlackElo "2082"]
[PlyCount "101"]
[EventDate "2002.06.??"]
[EventType "team-tourn"]
[EventRounds "8"]
[EventCountry "ENG"]
[SourceTitle "EXT 2005"]
[Source "ChessBase"]
[SourceDate "2004.11.15"]
[SourceVersion "1"]
[SourceVersionDate "2004.11.15"]
[SourceQuality "1"]
[WhiteTeam "NW Eagles"]
[BlackTeam "Slough"]
[WhiteTeamCountry "ENG"]
[BlackTeamCountry "ENG"]

1. e4 e6 2. d4 d5 3. Nc3 Nf6 4. Bg5 Bb4 5. exd5 exd5 6. Qf3 Be6 7. Bd3 c6 8. Nge2 Nbd7 9. h3 h6 10. Bf4 c5 11. dxc5 Nxc5 12. Bb5+ Kf8 13. Be5 Nce4 14. Bd3 Qa5 15. Bxf6 Nxf6 16. 0-0 Re8 17. a3 Bd6 18. Nd4 Be5 19. Nxe6+ Rxe6 20. Bf5 Rc6 21. Nd1 g6 22. Bd3 Kg7 23. c3 d4 24. c4 Nh5 25. b4 Qc7 26. Nb2 Rf6 27. Qd1 Nf4 28. Re1 Re8 29. Qd2 Qc6 30. Be4 Qe6 31. Nd3 Nxd3 32. Qxd3 Qd6 33. Bxb7 Bh2+ 34. Kf1 Re3 35. Rxe3 dxe3 36. Qxe3 Be5 37. c5 Rxf2+ 38. Qxf2 Qd3+ 39. Qe2 Qf5+ 40. Qf3 Qxf3+ 41. Bxf3 Bxa1 42. Ke2 Kf6 43. Kd3 Ke7 44. b5 Bb2 45. a4 Ba3 46. Kc4 Kd7 47. b6 axb6 48. cxb6 Bc1 49. a5 Be3 50. Kb5 Bxb6 51. Kxb6 1-0

[Event "BCF-chT qual (4NCL)"]
[Site "England"]
[Date "2002.06.01"]
[Round "1"]
[White "Ashton, Adam"]
[Black "Smith, Alan A"]
[Result "1-0"]
[WhiteElo "2146"]
[BlackElo "2257"]
[PlyCount "53"]
[EventDate "2002.06.??"]
[EventType "team-tourn"]
[EventRounds "8"]
[EventCountry "ENG"]
[SourceTitle "EXT 2005"]
[Source "ChessBase"]
[SourceDate "2004.11.15"]
[SourceVersion "1"]
[SourceVersionDate "2004.11.15"]
[SourceQuality "1"]
[WhiteTeam "Numerica 3Cs"]
[BlackTeam "NW Eagles"]
[WhiteTeamCountry "ENG"]
[BlackTeamCountry "ENG"]

1. e4 c5 2. Nf3 e6 3. d4 cxd4 4. Nxd4 a6 5. Bd3 Nf6 6. 0-0 Qc7 7. Qe2 d6 8. c4 g6 9. Nc3 Bg7 10. Be3 0-0 11. Rac1 Nbd7 12. f4 b6 13. Kh1 Bb7 14. b4 Rfe8 15. Nb3 Rac8 16. a4 Qb8 17. a5 bxa5 18. Nxa5 Ba8 19. Bd2 Nh5 20. Na4 f5 21. c5 fxe4 22. Bxa6 Rc7 23. Bb5 Rd8 24. Bxd7 Rdxd7 25. c6 Bxc6 26. Nxc6 Qa8 27. Nb6 1-0

[Event "BCF-chT2 0001 (4NCL)"]
[Site "Birmingham"]
[Date "2000.11.26"]
[Round "4.5"]
[White "MacKenzie, Colin"]
[Black "Smith, Alan A"]
[Result "1/2-1/2"]
[WhiteElo "2187"]
[BlackElo "2254"]
[PlyCount "42"]
[EventDate "2000.11.26"]
[EventType "team-tourn"]
[EventRounds "11"]
[EventCountry "ENG"]
[SourceTitle "CBM 079 Extra"]
[Source "ChessBase"]
[SourceDate "2001.01.11"]
[SourceVersion "2"]
[SourceVersionDate "2001.01.25"]
[SourceQuality "1"]
[WhiteTeam "Kigns Head"]
[BlackTeam "NW Eagles"]
[WhiteTeamCountry "ENG"]
[BlackTeamCountry "ENG"]

1. Nf3 d6 2. g3 g6 3. Bg2 Bg7 4. 0-0 Nf6 5. c4 0-0 6. Nc3 Nc6 7. d3 Nh5 8. Rb1 f5 9. Nd5 e6 10. Nf4 Nxf4 11. Bxf4 h6 12. Bd2 e5 13. Bc3 g5 14. Nd2 f4 15. b4 Qe8 16. c5 Be6 17. cxd6 cxd6 18. Ne4 Qd7 19. b5 Nd8 20. a4 Rc8 21. Bb4 Nf7 1/2-1/2

[Event "BCF-ch 85th"]
[Site "Torquay"]
[Date "1998.??.??"]
[Round "1"]
[White "Smith, Alan A"]
[Black "Short, Nigel D"]
[Result "0-1"]
[WhiteElo "2280"]
[BlackElo "2660"]
[PlyCount "66"]
[EventDate "1998.08.??"]
[EventType "swiss"]
[EventRounds "11"]
[EventCountry "ENG"]
[SourceTitle "CBM 066 Extra"]
[Source "ChessBase"]
[SourceDate "1998.11.06"]
[SourceVersion "1"]
[SourceVersionDate "1998.11.06"]
[SourceQuality "1"]

1. e4 c5 2. Nf3 d6 3. d4 cxd4 4. Nxd4 Nf6 5. Nc3 a6 6. Bg5 e6 7. Be2 Nbd7 8. 0-0 Be7 9. Qd3 h6 10. Bxf6 Bxf6 11. Rad1 0-0 12. Nb3 Be7 13. a4 Qc7 14. Kh1 Ne5 15. Qg3 Nc4 16. Bxc4 Qxc4 17. a5 Bd7 18. Rfe1 Rfd8 19. Rd4 Qc7 20. f4 Bc6 21. f5 Bf6 22. Rd3 Be5 23. Qh3 Re8 24. fxe6 fxe6 25. Rf3 Rac8 26. Ref1 Qd8 27. Qg4 Qg5 28. Qxg5 hxg5 29. Nd2 d5 30. exd5 exd5 31. Rd3 d4 32. Nce4 Bb5 33. Nxg5 Rxc2 0-1

[Event "BCF-chT 9697 (4NCL)"]
[Site "England"]
[Date "1997.02.22"]
[Round "7.7"]
[White "Sheehan, Antony"]
[Black "Smith, Alan A"]
[Result "0-1"]
[WhiteElo "2100"]
[BlackElo "2225"]
[PlyCount "68"]
[EventDate "1996.10.??"]
[EventType "team-tourn"]
[EventRounds "12"]
[EventCountry "ENG"]
[SourceTitle "EXT 1999"]
[Source "ChessBase"]
[SourceDate "1998.11.16"]
[SourceVersion "1"]
[SourceVersionDate "1998.11.16"]
[SourceQuality "1"]
[WhiteTeam "Celtic Kts"]
[BlackTeam "NW Eagles"]
[WhiteTeamCountry "ENG"]
[BlackTeamCountry "ENG"]

1. e4 b6 2. d4 Bb7 3. Nc3 e6 4. Be3 Nf6 5. f3 c5 6. dxc5 bxc5 7. Qd2 Be7 8. e5 Nd5 9. Nxd5 Bxd5 10. Ne2 Qb6 11. b3 0-0 12. c4 Bc6 13. Nc3 Qc7 14. Bf4 Na6 15. Bd3 Nb4 16. Be4 Bxe4 17. Nxe4 Nc6 18. Nd6 Bxd6 19. exd6 Qb6 20. 0-0 Nd4 21. Rad1 a5 22. Be3 e5 23. f4 f6 24. fxe5 fxe5 25. Rxf8+ Rxf8 26. Rf1 Ra8 27. Qf2 Qxd6 28. Qf7+ Kh8 29. Bg5 Ne6 30. Be7 Qd4+ 31. Kh1 a4 32. Bf6 Qd6 33. bxa4 Rg8 34. Bh4 Rf8 0-1

[Event "Manchester op"]
[Site "Manchester"]
[Date "1997.??.??"]
[Round "3"]
[White "Shaw, John"]
[Black "Smith, Alan A"]
[Result "0-1"]
[WhiteElo "2345"]
[BlackElo "2235"]
[PlyCount "116"]
[EventDate "1997.08.??"]
[EventType "swiss"]
[EventRounds "9"]
[EventCountry "ENG"]
[SourceTitle "EXT 1999"]
[Source "ChessBase"]
[SourceDate "1998.11.16"]
[SourceVersion "1"]
[SourceVersionDate "1998.11.16"]
[SourceQuality "1"]

1. e4 b6 2. d4 Bb7 3. Bd3 e6 4. Nf3 c5 5. c3 Nf6 6. e5 Nd5 7. 0-0 Qc7 8. a3 c4 9. Bc2 Nc6 10. Ng5 d6 11. f4 0-0-0 12. Qe2 h6 13. Ne4 Na5 14. Nbd2 Kb8 15. Rb1 Be7 16. exd6 Bxd6 17. Nxd6 Rxd6 18. Ne4 Rd7 19. f5 exf5 20. Rxf5 g6 21. Rf1 f5 22. Ng3 Re7 23. Qf2 Ka8 24. Bf4 Nxf4 25. Qxf4 Qc6 26. Qf3 Qxf3 27. gxf3 h5 28. h4 Re3 29. Kg2 Rhe8 30. Rbd1 Bd5 31. Rf2 Nb7 32. Rdd2 Nd8 33. Nf1 Re1 34. Kg3 Kb7 35. Bd1 Kc7 36. Rde2 R8xe2 37. Bxe2 Ne6 38. Nd2 b5 39. Bf1 Rc1 40. Bg2 Rc2 41. f4 Bxg2 42. Rxg2 Rxb2 43. Nf3 Rxg2+ 44. Kxg2 Nxf4+ 45. Kf2 Nd3+ 46. Ke3 Kd6 47. Ng5 a5 48. Nf7+ Ke7 49. Ng5 Ne1 50. Kd2 Ng2 51. Nf3 Ke6 52. Ke2 f4 53. Kf2 Ne3 54. Ke2 Kf5 55. Ne5 Ke4 56. Nxg6 f3+ 57. Ke1 Nd5 58. Kd2 Nxc3 0-1

[Event "Manchester op"]
[Site "Manchester"]
[Date "1997.??.??"]
[Round "5"]
[White "Smith, Alan A"]
[Black "Roktim, Bandyopadhyay"]
[Result "0-1"]
[WhiteElo "2235"]
[BlackElo "2275"]
[PlyCount "68"]
[EventDate "1997.08.??"]
[EventType "swiss"]
[EventRounds "9"]
[EventCountry "ENG"]
[SourceTitle "EXT 1999"]
[Source "ChessBase"]
[SourceDate "1998.11.16"]
[SourceVersion "1"]
[SourceVersionDate "1998.11.16"]
[SourceQuality "1"]

1. e4 g6 2. d4 Bg7 3. Nc3 d6 4. Nge2 c6 5. g3 Nf6 6. Bg2 0-0 7. 0-0 Nbd7 8. a4 a5 9. h3 e5 10. Be3 Qc7 11. Qd2 Re8 12. Rad1 Nf8 13. f4 exf4 14. Nxf4 Ne6 15. Nfe2 Bd7 16. Rf2 Rf8 17. Rdf1 Ne8 18. d5 Nc5 19. Bg5 Be5 20. Be7 Ng7 21. Bxf8 Rxf8 22. Qh6 Qb6 23. b3 Na6 24. Qh4 Nb4 25. Qe7 Be8 26. Nb1 f6 27. Kh2 Rf7 28. Rxf6 Bxf6 29. Qxd6 Be7 30. Qe5 Rxf1 31. Bxf1 Qf2+ 32. Bg2 Bf6 33. Qb8 Qxe2 34. d6 Qd1 0-1

[Event "BCF-chT 9697 (4NCL)"]
[Site "England"]
[Date "1996.10.20"]
[Round "2.7"]
[White "Smith, Alan A"]
[Black "Denton, John"]
[Result "1-0"]
[WhiteElo "2225"]
[BlackElo "2008"]
[PlyCount "49"]
[EventDate "1996.10.??"]
[EventType "team-tourn"]
[EventRounds "12"]
[EventCountry "ENG"]
[SourceTitle "EXT 1999"]
[Source "ChessBase"]
[SourceDate "1998.11.16"]
[SourceVersion "1"]
[SourceVersionDate "1998.11.16"]
[SourceQuality "1"]
[WhiteTeam "NW Eagles"]
[BlackTeam "Hertford"]
[WhiteTeamCountry "ENG"]
[BlackTeamCountry "ENG"]

1. e4 c6 2. d4 d5 3. e5 Bf5 4. Nf3 e6 5. Be2 c5 6. Be3 cxd4 7. Nxd4 Bg6 8. 0-0 Nd7 9. c4 dxc4 10. Bxc4 Bc5 11. Nc3 Ne7 12. Bxe6 fxe6 13. Nxe6 Qb6 14. Nxc5 Nxc5 15. Na4 Nxa4 16. Bxb6 Nxb6 17. Qb3 Be4 18. Rac1 Bd5 19. Qa3 Kf7 20. e6+ Bxe6 21. Qf3+ Nf5 22. g4 g6 23. gxf5 gxf5 24. Rc7+ Kf6 25. Qc3+ 1-0